Nuestro Pirineo y la defensa de la naturaleza (Record no. 60766)

MARC details
000 -LEADER
campo de control de longitud fija 00646nam a2200217 i 4500
001 - NÚMERO DE CONTROL
campo de control 60766
003 - IDENTIFICADOR DE NÚMERO DE CONTROL
campo de control ES-MaACL
005 - FECHA Y HORA DE LA ÚLTIMA TRANSACCIÓN
campo de control 20230906164312.0
007 - CAMPO FIJO DE DESCRIPCIÓN FÍSICA--INFORMACIÓN GENERAL
campo de control de longitud fija t|
008 - DATOS DE LONGITUD FIJA--INFORMACIÓN GENERAL
campo de control de longitud fija 031106s1973 sp |||| | spa d
080 ## - NÚMERO DE LA CLASIFICACIÓN DECIMAL UNIVERSAL
Número de la Clasificación Decimal Universal 914.651:(234.1 Pirineos)
080 ## - NÚMERO DE LA CLASIFICACIÓN DECIMAL UNIVERSAL
Número de la Clasificación Decimal Universal 914.651.1 Belagua
100 1# - ENTRADA PRINCIPAL--NOMBRE DE PERSONA
Nombre de persona Estornés Lasa, José.
9 (RLIN) 48184
245 10 - MENCIÓN DEL TÍTULO
Título Nuestro Pirineo y la defensa de la naturaleza
Resto del título . Belagua /
Mención de responsabilidad, etc. José Estornés Lasa.
246 10 - FORMA VARIANTE DEL TITULO
Título propio/Titulo breve Belagua
260 ## - PUBLICACIÓN, DISTRIBUCIÓN, ETC.
Lugar de publicación, distribución, etc. San Sebastián :
Nombre del editor, distribuidor, etc. Auñamendi,
Fecha de publicación, distribución, etc. [1973]
300 ## - DESCRIPCIÓN FÍSICA
Extensión 221 p. ;
Dimensiones 19 cm.
651 #4 - PUNTO DE ACCESO ADICIONAL DE MATERIA--NOMBRE GEOGRÁFICO
Nombre geográfico Pirineos navarros (España)
9 (RLIN) 151319
852 ## - LOCALIZACIÓN
Ubicación ES-MaACL
Número de control de estantería C-53195
852 ## - LOCALIZACIÓN
Ubicación ES-MaACL
Número de control de estantería C-54569
Holdings
Estatus retirado Estado de pérdida Estado de daño No para préstamo Biblioteca de origen Biblioteca actual Ubicación en estantería Fecha de adquisición Fuente de adquisición Total de préstamos Signatura topográfica completa Código de barras Visto por última vez Precio de reemplazo Tipo de ítem Koha
        Biblioteca del Ateneo de Madrid Biblioteca del Ateneo de Madrid Depósito 2 17/01/2008     C-54569 1063727 23/02/2023 23/02/2023 Libro impreso
        Biblioteca del Ateneo de Madrid Biblioteca del Ateneo de Madrid Depósito 2 17/01/2008     C-53195 1063726 23/02/2023 23/02/2023 Libro impreso